Normal view
MARC view
- Liaqat, Zainub
Entry Personal Name
001 - CONTROL NUMBER
- control field: 16590
003 - CONTROL NUMBER IDENTIFIER
- control field: NUST
005 - DATE AND TIME OF LATEST TRANSACTION
- control field: 20190703113023.0
008 - FIXED-LENGTH DATA ELEMENTS
- fixed length control field: 190703|| aca||aabn | a|a d
040 ## - CATALOGING SOURCE
- Original cataloging agency: NUST
- Transcribing agency: NUST
100 ## - HEADING--PERSONAL NAME
- Personal name: Liaqat, Zainub
670 ## - SOURCE DATA FOUND
- Source citation: Work cat.: (NUST): Liaqat, Zainub, Entanglement Engineering of Field state in Arbitrary Number of High-Q Cavities and its Dynamics in Dissipative Environment /, 2015.
